Právní a ekonomické problémy transformace zemědělství
Vybrané právne a ekonomické problémy riešené v procese transformácie a privatizácie. Proces transformácie poľnohospodárskych družstiev. Problémy pri stanovení a použití členských podielov. Družstevné hospodárenie a užívacie vzťahy k pôde. Ekonomické problémy činnosti poľnohospodárskych družstiev v t...
Guardado en:
| Autor principal: | |
|---|---|
| Otros Autores: | |
| Formato: | Capítulo de libro |
| Lenguaje: | checo |
| Materias: | |
| Etiquetas: |
Sin Etiquetas, Sea el primero en etiquetar este registro!
|
MARC
| LEADER | 00000naa a2200000 4500 | ||
|---|---|---|---|
| 001 | r020186 | ||
| 005 | 20230922105930.0 | ||
| 041 | 0 | |a cze | |
| 044 | |a CZ | ||
| 245 | 1 | 0 | |a Právní a ekonomické problémy transformace zemědělství |c J. Homolka, J. Homolková |
| 520 | |a Vybrané právne a ekonomické problémy riešené v procese transformácie a privatizácie. Proces transformácie poľnohospodárskych družstiev. Problémy pri stanovení a použití členských podielov. Družstevné hospodárenie a užívacie vzťahy k pôde. Ekonomické problémy činnosti poľnohospodárskych družstiev v trhovej ekonomike. Proces privatizácie štátnych majetkov. | ||
| 610 | 2 | 0 | |a družstvá poľnohospodárske |
| 610 | 2 | 0 | |a majetky štátne |
| 610 | 2 | 0 | |a privatizácia |
| 610 | 2 | 0 | |a transformácia |
| 610 | 2 | 0 | |a pôda poľnohospodárska |
| 610 | 2 | 0 | |a vlastníctvo pozemkové |
| 610 | 2 | 0 | |a nájomné z pôdy |
| 610 | 2 | 0 | |a zmluvy kúpne |
| 610 | 2 | 0 | |a podnikanie |
| 100 | 1 | |a Homolka, J. | |
| 700 | 1 | |a Homolková, J. | |